Developing markers for abiotic stress tolerance in Hevea brasiliensis (Record no. 50536)

MARC details
000 -LEADER
fixed length control field 00649nam a2200169Ia 4500
100 ## - MAIN ENTRY--AUTHOR NAME
Personal name Sathik M.B.M
245 #0 - TITLE STATEMENT
Title Developing markers for abiotic stress tolerance in Hevea brasiliensis
260 ## - PUBLICATION, DISTRIBUTION, ETC. (IMPRINT)
Name of publisher National Seminar on Modern Trends in Conservation, Utilization and Improvement of Plant Genetic Resources', 23-24 November 2017, Botany Department, University of Kerala, Thiruvananthapuram, India.
650 ## - SUBJECT ADDED ENTRY--TOPICAL TERM
Topical Term Abiotic stress tolerance
650 ## - SUBJECT ADDED ENTRY--TOPICAL TERM
Topical Term Hevea brasiliensis
650 ## - SUBJECT ADDED ENTRY--TOPICAL TERM
Topical Term Markers
700 ## - ADDED ENTRY--PERSONAL NAME
Personal name Kuruvilla L
700 ## - ADDED ENTRY--PERSONAL NAME
Personal name Luke L.P
700 ## - ADDED ENTRY--PERSONAL NAME
Personal name Neethu N.N, and Thomas M
942 ## - ADDED ENTRY ELEMENTS (KOHA)
Koha item type Bibliography STAF
Holdings
Withdrawn status Lost status Damaged status Not for loan Home library Current library Shelving location Date acquired Koha item type
      Bibliography RRII Library RRII Library Physiology 01/01/2021 Bibliography STAF